[Event "TUR-chT Clubs"]
[Site "Konya"]
[Date "2019.07.19"]
[Round "6.24"]
[White "Sari, Emircan"]
[Black "Kara, Muhammed Ozcan"]
[Result "1-0"]
[WhiteElo "1355"]
[BlackElo "1196"]
[PlyCount "89"]
[EventDate "2019.07.16"]
[EventType "team-swiss"]
[EventRounds "9"]
[EventCountry "TUR"]
[SourceTitle "CBM 191 Extra"]
[Source "ChessBase"]
[SourceDate "2019.09.30"]
[SourceVersion "1"]
[SourceVersionDate "2019.09.30"]
[SourceQuality "1"]
[WhiteTeam "Dumlupinar Turk"]
[BlackTeam "Hartlap Koyu Ali Dogan"]
[WhiteTeamCountry "TUR"]
[BlackTeamCountry "TUR"]

1. e4 e5 2. Nf3 Nc6 3. Bc4 Bc5 4. 0-0 Nf6 5. d3 h6 6. c3 Bb6 7. Bb3 0-0 8. Nbd2 d6 9. h3 Be6 10. Re1 Qd7 11. Bxe6 Qxe6 12. Nf1 Rad8 13. Ng3 Ne7 14. Nh4 Rfe8 15. Nhf5 Nxf5 16. Nxf5 d5 17. Qf3 dxe4 18. dxe4 Nh7 19. h4 Kh8 20. Qg3 Qg6 21. Qf3 Qe6 22. Be3 Rd3 23. Qg4 Qg6 24. Qxg6 fxg6 25. Bxb6 axb6 26. Ne3 Nf6 27. f3 b5 28. Rad1 Red8 29. Nd5 Rxd1 30. Rxd1 Nxd5 31. Rxd5 Rxd5 32. exd5 Kg8 33. Kf2 Kf7 34. Ke3 Ke7 35. Ke4 Kd6 36. g4 b6 37. b3 h5 38. g5 Kc5 39. Kxe5 b4 40. c4 b5 41. cxb5 Kxb5 42. d6 Kc6 43. dxc7 Kxc7 44. Ke6 Kd8 45. Kf7 1-0

[Event "TUR-chT Clubs"]
[Site "Konya"]
[Date "2019.07.17"]
[Round "2.26"]
[White "Sari, Emircan"]
[Black "Altay, Sinan Can"]
[Result "1-0"]
[WhiteElo "1355"]
[BlackElo "1147"]
[PlyCount "53"]
[EventDate "2019.07.16"]
[EventType "team-swiss"]
[EventRounds "9"]
[EventCountry "TUR"]
[SourceTitle "CBM 191 Extra"]
[Source "ChessBase"]
[SourceDate "2019.09.30"]
[SourceVersion "1"]
[SourceVersionDate "2019.09.30"]
[SourceQuality "1"]
[WhiteTeam "Dumlupinar Turk"]
[BlackTeam "Altin Cocuklar"]
[WhiteTeamCountry "TUR"]
[BlackTeamCountry "TUR"]

1. e4 g6 2. d4 Bg7 3. Nc3 d6 4. Be3 Nd7 5. Qd2 Ngf6 6. 0-0-0 0-0 7. Be2 Nb6 8. f3 Bd7 9. h4 Nh5 10. g4 Ng3 11. Rh2 Nxe2+ 12. Qxe2 Qc8 13. Nh3 e5 14. d5 f6 15. Nf2 Kf7 16. Rg1 c6 17. h5 cxd5 18. hxg6+ hxg6 19. exd5 g5 20. Nfe4 Qc7 21. Qd3 Rh8 22. Rgh1 Rxh2 23. Rxh2 Nc8 24. Rh7 Qb6 25. Ng3 Kg8 26. Nh5 f5 27. Rxg7+ 1-0